[Event "SVK ECo-C Extraliga 2018-19"]
[Site "Slovakia"]
[Date "2018.12.09"]
[Round "4"]
[White "Farkas, Gabor"]
[Black "Gasa, Patrik"]
[Result "1-0"]
[WhiteElo "2370"]
[BlackElo "2177"]
[Annotator "NA"]
[PlyCount "115"]
[EventDate "2018.11.10"]
[EventType "team-tourn"]
[EventCountry "SVK"]
[SourceTitle "playchess.com"]
[Source "ChessBase"]
[SourceQuality "1"]
[WhiteTeam "Streda"]
[BlackTeam "Osuske"]
[TimeControl "40/5400+30:1800+30"]

1. c4 {[%emt 0:00:00]} e5 {[%emt 0:03:17]} 2. Nc3 {[%emt 0:00:00]} Nf6 {[%emt 0:00:08]} 3. g3 {[%emt 0:00:00]} Nc6 {[%emt 0:00:50]} 4. Bg2 {[%emt 0:00:35]} a6 {[%emt 0:00:23]} 5. d3 {[%emt 0:03:07]} Bc5 {[%emt 0:01:20]} 6. Nf3 {[%emt 0:06:27]} d6 {[%emt 0:01:05]} 7. O-O {[%emt 0:04:21]} h6 {[%emt 0:00:04]} 8. a3 {[%emt 0:00:37]} O-O {[%emt 0:08:43]} 9. b4 {[%emt 0:01:17]} Ba7 {[%emt 0:02:24]} 10. e3 {[%emt 0:01:09]} Re8 {[%emt 0:01:30]} 11. Nd2 {[%emt 0:04:00]} Ne7 {[%emt 0:03:31]} 12. Nb3 {[%emt 0:02:11]} c6 {[%emt 0:01:57]} 13. d4 {[%emt 0:07:29]} Bg4 {[%emt 0:04:13]} 14. Qd2 {[%emt 0:05:47]} exd4 {[%emt 0:01:26]} 15. exd4 {[%emt 0:00:37]} d5 {[%emt 0:00:10]} 16. c5 {[%emt 0:01:42]} Qd7 {[%emt 0:00:59]} 17. Re1 {[%emt 0:02:16]} Ng6 {[%emt 0:02:17]} 18. Bb2 {[%emt 0:03:45]} Rxe1+ {[%emt 0:07:42]} 19. Rxe1 {[%emt 0:00:14]} Re8 {[%emt 0:00:01]} 20. Rxe8+ {[%emt 0:02:54]} Qxe8 {[%emt 0:00:11]} 21. a4 {[%emt 0:06:10]} Bd7 {[%emt 0:04:19]} 22. Qe3 {[%emt 0:04:19]} Kf8 {[%emt 0:02:17]} 23. b5 {[%emt 0:08:19]} cxb5 {[%emt 0:23:11]} 24. axb5 {[%emt 0:01:07]} Bxb5 {[%emt 0:11:47]} 25. Nxd5 {[%emt 0:03:03]} Nxd5 {[%emt 0:01:45]} 26. Bxd5 {[%emt 0:01:31]} Qxe3 {[%emt 0:00:57]} 27. fxe3 {[%emt 0:00:12]} b6 {[%emt 0:00:01]} 28. Bb7 {[%emt 0:05:11]} bxc5 {[%emt 0:02:06]} 29. Ba3 {[%emt 0:00:31]} Ke8 {[%emt 0:03:21]} 30. Nxc5 {[%emt 0:01:45]} a5 {[%emt 0:01:00]} 31. Ne4 {[%emt 0:00:36]} Kd7 {[%emt 0:02:42]} 32. Nd6 {[%emt 0:02:35]} Bc6 {[%emt 0:00:06]} 33. Ba6 {[%emt 0:01:01]} Ne7 {[%emt 0:01:09]} 34. Nxf7 {[%emt 0:01:47]} Nf5 {[%emt 0:00:01]} 35. Ne5+ {[%emt 0:03:54]} Kc7 {[%emt 0:00:02]} 36. Nxc6 {[%emt 0:01:03]} Kxc6 {[%emt 0:00:03]} 37. Kf2 {[%emt 0:00:40]} Nxd4 {[%emt 0:02:18]} 38. exd4 {[%emt 0:01:33]} Bxd4+ {[%emt 0:00:01]} 39. Ke2 {[%emt 0:01:08]} Kd5 {[%emt 0:00:15]} 40. Kd3 {[%emt 0:00:25]} Bg1 {[%emt 0:01:39]} 41. h3 {[%emt 0:30:18]} Bf2 {[%emt 0:31:50]} 42. g4 {[%emt 0:00:09]} Ke6 {[%emt 0:00:14]} 43. Ke4 {[%emt 0:00:29]} Be1 {[%emt 0:05:12]} 44. Bb2 {[%emt 0:03:53]} Kf7 {[%emt 0:02:15]} 45. Kf5 {[%emt 0:00:47]} g6+ {[%emt 0:00:12]} 46. Kf4 {[%emt 0:00:39]} Bb4 {[%emt 0:00:00]} 47. Bc4+ {[%emt 0:00:00]} Ke7 {[%emt 0:00:00]} 48. Bb3 {[%emt 0:00:00]} Bd2+ {[%emt 0:00:00]} 49. Ke5 {[%emt 0:00:00]} Bb4 {[%emt 0:00:00]} 50. Bc1 {[%emt 0:00:00]} Bc3+ {[%emt 0:00:00]} 51. Ke4 {[%emt 0:00:00]} h5 {[%emt 0:00:00]} 52. g5 {[%emt 0:00:00]} Kf8 {[%emt 0:00:00]} 53. Ba3+ {[%emt 0:00:00]} Kg7 {[%emt 0:00:00]} 54. Be7 {[%emt 0:00:00]} Bb2 {[%emt 0:00:00]} 55. Kd5 {[%emt 0:00:00]} Bc3 {[%emt 0:00:00]} 56. Ke6 {[%emt 0:00:00]} Bb4 {[%emt 0:00:00]} 57. Bf6+ {[%emt 0:00:00]} Kg8 {[%emt 0:00:00]} 58. Bc2 {[%emt 0:00:00]} 1-0

[Event "SVK ECo-C Extraliga 2018-19"]
[Site "Slovakia"]
[Date "2018.12.09"]
[Round "4"]
[White "Grubisic, Ilija"]
[Black "Banas, Kamil"]
[Result "1/2-1/2"]
[WhiteElo "2370"]
[BlackElo "2248"]
[Annotator "NA"]
[PlyCount "71"]
[EventDate "2018.11.10"]
[EventType "team-tourn"]
[EventCountry "SVK"]
[SourceTitle "playchess.com"]
[Source "ChessBase"]
[SourceQuality "1"]
[WhiteTeam "Slovan"]
[BlackTeam "Modra"]
[TimeControl "40/5400+30:1800+30"]

1. e4 {[%emt 0:00:00]} c5 {[%emt 0:00:00]} 2. c3 {[%emt 0:00:02]} Nf6 {[%emt 0:00:00]} 3. e5 {[%emt 0:00:16]} Nd5 {[%emt 0:00:00]} 4. Nf3 {[%emt 0:00:08]} b6 {[%emt 0:01:27]} 5. d4 {[%emt 0:06:12]} cxd4 {[%emt 0:00:16]} 6. cxd4 {[%emt 0:00:15]} e6 {[%emt 0:00:08]} 7. Nc3 {[%emt 0:01:22]} Nxc3 {[%emt 0:00:21]} 8. bxc3 {[%emt 0:00:08]} Qc7 {[%emt 0:00:05]} 9. Bd2 {[%emt 0:00:24]} Be7 {[%emt 0:00:58]} 10. Bd3 {[%emt 0:01:19]} Ba6 {[%emt 0:02:30]} 11. Bxa6 {[%emt 0:00:26]} Nxa6 {[%emt 0:00:02]} 12. Qe2 {[%emt 0:00:26]} Qb7 {[%emt 0:05:33]} 13. a4 {[%emt 0:01:19]} O-O {[%emt 0:06:50]} 14. O-O {[%emt 0:01:07]} Nb8 {[%emt 0:03:03]} 15. c4 {[%emt 0:08:19]} d5 {[%emt 0:04:44]} 16. exd6 {[%emt 0:00:19]} Bxd6 {[%emt 0:00:14]} 17. a5 {[%emt 0:07:21]} Nd7 {[%emt 0:03:04]} 18. Rfb1 {[%emt 0:21:00]} Qc6 {[%emt 0:00:58]} 19. Bb4 {[%emt 0:12:43]} Bxb4 {[%emt 0:02:24]} 20. Rxb4 {[%emt 0:04:54]} h6 {[%emt 0:01:36]} 21. h3 {[%emt 0:04:23]} Rfc8 {[%emt 0:01:26]} 22. Qb2 {[%emt 0:04:38]} Rc7 {[%emt 0:02:58]} 23. Nd2 {[%emt 0:00:28]} Rac8 {[%emt 0:01:58]} 24. axb6 {[%emt 0:04:22]} axb6 {[%emt 0:00:12]} 25. Ra6 {[%emt 0:00:22]} Ra8 {[%emt 0:04:22]} 26. Qa2 {[%emt 0:05:23]} Rxa6 {[%emt 0:04:04]} 27. Qxa6 {[%emt 0:00:03]} Qd6 {[%emt 0:00:16]} 28. c5 {[%emt 0:03:18]} Nxc5 {[%emt 0:06:57]} 29. Qxb6 {[%emt 0:03:05]} Qxb6 {[%emt 0:01:37]} 30. Rxb6 {[%emt 0:00:08]} Nd3 {[%emt 0:00:04]} 31. Rb1 {[%emt 0:07:06]} Rc2 {[%emt 0:00:42]} 32. Ne4 {[%emt 0:00:02]} Rc1+ {[%emt 0:07:10]} 33. Rxc1 {[%emt 0:00:09]} Nxc1 {[%emt 0:00:01]} 34. Nc3 {[%emt 0:00:36]} Nb3 {[%emt 0:01:22]} 35. Ne2 {[%emt 0:01:33]} Kf8 {[%emt 0:00:07]} 36. f3 {[%emt 0:00:06]} 1/2-1/2

[Event "SVK ECo-C Extraliga 2018-19"]
[Site "Slovakia"]
[Date "2018.12.09"]
[Round "4"]
[White "Motuz, Karol"]
[Black "Petrik, Tomas"]
[Result "0-1"]
[WhiteElo "2367"]
[BlackElo "2466"]
[Annotator "TA"]
[PlyCount "82"]
[EventDate "2018.11.10"]
[EventType "team-tourn"]
[EventCountry "SVK"]
[SourceTitle "playchess.com"]
[Source "ChessBase"]
[SourceQuality "1"]
[WhiteTeam "Dubnica"]
[BlackTeam "Zilina"]

{[%evp 25,82,8,25,29,15,0,5,-10,-10,-7,-7,-6,-9,-5,0,-8,-14,-24,-10,-10,-10,-7,-4,-14,33,25,68,67,69,68,101,-104,-90,-101,-38,-41,-43,-122,-122,-122,-122,-120,-122,-122,-122,-131,-131,-148,-128,-187,-181,-422,-445,-795,-788,-766,-756,-5740,-599]} 1. c4 Nf6 2. Nc3 c5 3. Nf3 g6 4. g3 Bg7 5. Bg2 O-O 6. O-O Nc6 7. d4 cxd4 8. Nxd4 Ng4 9. e3 d6 10. b3 Nxd4 11. exd4 Nh6 12. Bxh6 {A39: Symmetrical English vs ...g6: 4 Bg2 Bg7 5 Nf3 Nf6 6 0-0 0-0 7 d4} (12. Bd2 Nf5 13. d5 Bd7 14. Rc1 a6 15. Ne4 Rc8 16. Re1 Qb6 17. b4 Qd4 18. c5 Bb5 19. Bc3 Qd3 20. Qxd3 Bxd3 {1-0 (39) Banusz,T (2604)-Pechac,J (2495) Slovakia 2016}) 12... Bxh6 13. Re1 Bg7 {LiveBook: 5 Games} 14. Qd2 {White has an edge.} Rb8 15. b4 $146 ({Predecessor:} 15. Qe3 a6 16. Rad1 Qa5 17. a4 e6 18. Ne4 d5 19. Qf4 Bd7 20. cxd5 exd5 {1-0 (35) Docx,S (2392)-Ondersteijn,N (2322) Gent 2012}) 15... Be6 16. Nd5 b5 17. Rac1 bxc4 18. Rxc4 Bxd5 19. Bxd5 e6 20. Bg2 d5 21. Rc6 Qf6 22. Rd1 Rfc8 23. Bxd5 $1 Rd8 $36 {[%mdl 2048] Black fights for an advantage.} 24. Bc4 Qe7 25. d5 exd5 26. Bxd5 Kh8 27. Rc5 Rb6 28. Qe1 $2 (28. Qc1 $16 {and life is bright.}) 28... Qxe1+ $17 29. Rxe1 Bd4 ({Black should play} 29... Bf8 $17 30. Bf3 (30. Bxf7 Bxc5 31. bxc5 Rc6 $17) 30... Bxc5 31. bxc5 Re6) 30. Ra5 $1 $15 (30. Bxf7 $2 Rf6 $17) 30... Rf6 31. Re2 {[#]} (31. Rd1 $1 $15 Bb6 32. Ra3) 31... Bb6 $1 $17 {[%cal Rb6a5]} 32. Rb5 a6 33. Rxb6 Rxb6 34. Bxf7 Rxb4 {[%mdl 4096] Endgame KRR-KRB} 35. Kg2 Rbd4 36. Re7 Rd2 37. Ra7 {[#]} (37. Bb3 $17 {might work better.}) 37... R8d6 $1 $19 38. Bc4 $2 (38. g4 {keeps fighting.}) 38... Rf6 {Black is clearly winning.} 39. Rxa6 (39. Kh3 $142 Rfxf2 40. Bb3) 39... Rfxf2+ 40. Kg1 Rg2+ 41. Kf1 Rxh2 {Accuracy: White = 26%, Black = 71%.} (41... Rdf2+ $142 42. Ke1 Rc2) 0-1

[Event "SVK ECo-C Extraliga 2018-19"]
[Site "Slovakia"]
[Date "2018.12.09"]
[Round "4"]
[White "Jurcik, Martin"]
[Black "Plachetka, Jan"]
[Result "1-0"]
[WhiteElo "2336"]
[BlackElo "2314"]
[Annotator "NA"]
[PlyCount "51"]
[EventDate "2018.11.10"]
[EventType "team-tourn"]
[EventCountry "SVK"]
[SourceTitle "playchess.com"]
[Source "ChessBase"]
[SourceQuality "1"]
[TimeControl "40/5400+30:1800+30"]

1. e4 {[%emt 0:00:00]} d6 {[%emt 0:00:04]} 2. d4 {[%emt 0:00:29]} Nf6 {[%emt 0:00:06]} 3. f3 {[%emt 0:00:59]} c5 {[%emt 0:01:20]} 4. c3 {[%emt 0:15:10]} Nbd7 {[%emt 0:08:09]} 5. Be3 {[%emt 0:01:13]} g6 {[%emt 0:06:35]} 6. Bd3 {[%emt 0:02:29]} Bg7 {[%emt 0:03:44]} 7. Ne2 {[%emt 0:00:40]} O-O {[%emt 0:00:31]} 8. O-O {[%emt 0:00:46]} a6 {[%emt 0:02:15]} 9. a4 {[%emt 0:00:18]} b6 {[%emt 0:00:29]} 10. Na3 {[%emt 0:05:25]} Bb7 {[%emt 0:01:16]} 11. b4 {[%emt 0:03:06]} Qc7 {[%emt 0:01:15]} 12. Rb1 {[%emt 0:03:18]} e5 {[%emt 0:05:42]} 13. bxc5 {[%emt 0:02:31]} bxc5 {[%emt 0:03:02]} 14. d5 {[%emt 0:00:34]} Bc8 {[%emt 0:03:18]} 15. Nc4 {[%emt 0:01:04]} Kh8 {[%emt 0:03:46]} 16. a5 {[%emt 0:04:03]} Ne8 {[%emt 0:04:36]} 17. Qa4 {[%emt 0:04:02]} Ra7 {[%emt 0:04:32]} 18. Qc6 {[%emt 0:10:43]} Qd8 {[%emt 0:08:18]} 19. Nb6 Nxb6 {[%emt 0:05:20]} 20. axb6 {[%emt 0:09:23]} Bd7 {[%emt 0:01:07]} 21. bxa7 {[%emt 0:00:04]} Bxc6 {[%emt 0:00:05]} 22. dxc6 {[%emt 0:00:04]} Nc7 {[%emt 0:01:07]} 23. Rb8 {[%emt 0:01:28]} Qh4 {[%emt 0:04:00]} 24. Rfb1 {[%emt 0:03:13]} Na8 {[%emt 0:01:50]} 25. Ng3 {[%emt 0:01:51]} Qe7 {[%emt 0:03:46]} 26. R1b7 {[%emt 0:02:52]} 1-0

[Event "SVK ECo-C Extraliga 2018-19"]
[Site "Slovakia"]
[Date "2018.12.09"]
[Round "4"]
[White "Vass, Frantisek"]
[Black "Holtman, Teodor"]
[Result "0-1"]
[WhiteElo "2324"]
[BlackElo "2273"]
[Annotator "NA"]
[PlyCount "176"]
[EventDate "2018.11.10"]
[EventType "team-tourn"]
[EventCountry "SVK"]
[SourceTitle "playchess.com"]
[Source "ChessBase"]
[SourceQuality "1"]
[WhiteTeam "Podhajska"]
[BlackTeam "Snina"]
[TimeControl "40/5400+30:1800+30"]

1. d4 {[%emt 0:00:00]} f5 {[%emt 0:00:00]} 2. g3 {[%emt 0:00:53]} Nf6 {[%emt 0:00:00]} 3. Bg2 {[%emt 0:00:04]} g6 {[%emt 0:00:04]} 4. c4 {[%emt 0:00:28]} Bg7 {[%emt 0:00:06]} 5. Nc3 {[%emt 0:02:12]} O-O {[%emt 0:00:05]} 6. e3 $11 {[%emt 0:04:36] LiveBook: 14 Games} d6 {[%emt 0:00:38]} 7. Nge2 {[%emt 0:00:23]} c6 {[%emt 0:01:54]} 8. Rb1 {[%emt 0:01:02]} Qc7 {[%emt 0:01:20]} 9. O-O {[%emt 0:05:14]} e5 {[%emt 0:00:56]} 10. Qc2 {[%emt 0:11:27]} Be6 {[%emt 0:01:33]} 11. b3 {[%emt 0:01:59]} Nbd7 {[%emt 0:02:37]} 12. Rd1 {[%emt 0:03:45]} Rad8 {[%emt 0:12:43]} 13. Ba3 {[%emt 0:02:27]} Bf7 {[%emt 0:07:55]} 14. dxe5 {[%emt 0:02:36]} Nxe5 {[%emt 0:00:02]} 15. Rd2 {[%emt 0:00:27]} Be6 {[%emt 0:12:11]} 16. Rbd1 {[%emt 0:03:03]} Nf7 {[%emt 0:02:39]} 17. Nd4 {[%emt 0:09:23]} Bc8 {[%emt 0:00:35]} 18. b4 {[%emt 0:01:26]} Ne5 {[%emt 0:03:21]} 19. Qb3 Qf7 20. c5 {[%emt 0:28:12]} Nc4 {[%emt 0:12:40]} 21. Rc2 {[%emt 0:03:19]} Ng4 {[%emt 0:13:39]} 22. b5 {[%emt 0:14:11]} Ncxe3 {[%emt 0:08:48]} 23. fxe3 {[%emt 0:00:11]} Nxe3 {[%emt 0:01:59]} 24. Rcd2 {[%emt 0:01:41]} Qxb3 {[%emt 0:02:01]} 25. axb3 {[%emt 0:00:05]} Nxd1 {[%emt 0:01:43]} 26. Rxd1 {[%emt 0:00:07]} dxc5 {[%emt 0:00:43]} 27. Bxc5 {[%emt 0:00:04]} Rf7 {[%emt 0:06:46]} 28. Bxa7 {[%emt 0:01:11]} Rfd7 {[%emt 0:02:14]} 29. Nce2 {[%emt 0:00:31]} cxb5 {[%emt 0:01:49]} 30. Rc1 {[%emt 0:00:18]} Bh6 {[%emt 0:00:10]} 31. Nf4 {[%emt 0:00:45]} Rd6 {[%emt 0:02:37]} 32. Bc5 {[%emt 0:01:12]} Ra6 {[%emt 0:01:00]} 33. Nxb5 {[%emt 0:01:17]} Bg7 {[%emt 0:00:56]} 34. Bd5+ {[%emt 0:00:13]} Kh8 {[%emt 0:00:08]} 35. Be7 {[%emt 0:00:03]} Bb2 {[%emt 0:00:33]} 36. Rc2 {[%emt 0:01:29]} Re8 {[%emt 0:00:25]} 37. Bg5 {[%emt 0:00:57]} Be5 {[%emt 0:01:04]} 38. Kg2 {[%emt 0:00:49]} Bd7 {[%emt 0:00:15]} 39. Bc4 {[%emt 0:00:51]} Rc8 {[%emt 0:00:48]} 40. Re2 {[%emt 0:00:14]} Bg7 {[%emt 0:00:25]} 41. Rd2 {[%emt 0:01:43]} Bc6+ {[%emt 0:09:50]} 42. Kf2 {[%emt 0:15:53]} Rca8 {[%emt 0:00:57]} 43. Nd6 {[%emt 0:06:46]} Ra2 {[%emt 0:00:32]} 44. Ne2 {[%emt 0:02:34]} h6 {[%emt 0:01:15]} 45. Be3 {[%emt 0:00:11]} Rxd2 {[%emt 0:01:40]} 46. Bxd2 {[%emt 0:00:03]} Ra2 {[%emt 0:00:06]} 47. Be3 {[%emt 0:01:08]} Rb2 {[%emt 0:00:36]} 48. h4 {[%emt 0:01:45]} b5 {[%emt 0:06:02]} 49. Bf7 {[%emt 0:00:45]} Be5 {[%emt 0:01:40]} 50. Ne8 {[%emt 0:03:32]} Be4 {[%emt 0:01:19]} 51. Bxg6 {[%emt 0:00:24]} Rxb3 {[%emt 0:03:37]} 52. Bf7 {[%emt 0:01:20]} Rb2 {[%emt 0:01:09]} 53. Bxh6 {[%emt 0:00:32]} Bd4+ {[%emt 0:01:58]} 54. Be3 {[%emt 0:00:14]} Be5 {[%emt 0:00:36]} 55. Bf4 {[%emt 0:00:53]} Bd4+ {[%emt 0:01:03]} 56. Ke1 {[%emt 0:00:19]} Rb1+ {[%emt 0:00:21]} 57. Kd2 {[%emt 0:00:15]} Rb2+ {[%emt 0:00:16]} 58. Ke1 {[%emt 0:00:12]} Rb1+ {[%emt 0:00:04]} 59. Nc1 {[%emt 0:01:04]} b4 {[%emt 0:00:44]} 60. Nd6 {[%emt 0:00:40]} Bc2 {[%emt 0:01:33]} 61. Nb5 {[%emt 0:00:20]} Bb2 {[%emt 0:00:53]} 62. Kd2 {[%emt 0:00:22]} Ba4 {[%emt 0:01:40]} 63. Nd3 {[%emt 0:00:33]} Bxb5 {[%emt 0:00:59]} 64. Nxb4 {[%emt 0:00:06]} Bd4 {[%emt 0:01:38]} 65. Nd3 {[%emt 0:00:36]} Rg1 {[%emt 0:00:32]} 66. Bd5 {[%emt 0:01:09]} Bxd3 {[%emt 0:00:51]} 67. Kxd3 {[%emt 0:00:02]} Bf2 {[%emt 0:00:09]} 68. Be5+ {[%emt 0:00:46]} Kh7 {[%emt 0:00:00]} 69. Be6 {[%emt 0:00:01]} Kg6 {[%emt 0:00:53]} 70. h5+ {[%emt 0:00:07]} Kg5 {[%emt 0:00:50]} 71. Bf4+ {[%emt 0:00:29]} Kf6 {[%emt 0:00:01]} 72. Bd5 {[%emt 0:01:02]} Bxg3 {[%emt 0:00:21]} 73. Bd2 {[%emt 0:00:50]} Be5 {[%emt 0:01:00]} 74. h6 {[%emt 0:00:06]} Rg3+ {[%emt 0:00:32]} 75. Ke2 {[%emt 0:00:12]} Rh3 {[%emt 0:01:07]} 76. Bg8 {[%emt 0:00:34]} f4 {[%emt 0:00:08]} 77. h7 {[%emt 0:00:07]} Kf5 {[%emt 0:00:42]} 78. Ba5 {[%emt 0:00:44]} Bd4 {[%emt 0:00:23]} 79. Bc4 {[%emt 0:00:21]} f3+ {[%emt 0:00:07]} 80. Kd3 {[%emt 0:00:41]} Ba7 {[%emt 0:00:58]} 81. Kd2 {[%emt 0:00:34]} Bd4 {[%emt 0:01:04]} 82. Bd3+ {[%emt 0:00:21]} Kg4 {[%emt 0:00:09]} 83. Bc7 {[%emt 0:00:04]} f2 {[%emt 0:00:20]} 84. Be2+ {[%emt 0:00:15]} Kf5 {[%emt 0:00:22]} 85. Bf1 {[%emt 0:01:12]} Rxh7 {[%emt 0:00:53]} 86. Bg3 {[%emt 0:00:41]} Rb7 {[%emt 0:00:22]} 87. Ke2 {[%emt 0:00:17]} Rb3 {[%emt 0:00:41]} 88. Bc7 {[%emt 0:01:29]} Re3+ {[%emt 0:00:19]} 0-1

[Event "SVK ECo-C Extraliga 2018-19"]
[Site "Slovakia"]
[Date "2018.12.09"]
[Round "4"]
[White "Vojtek, Vladimir"]
[Black "Jurcik, Marian"]
[Result "*"]
[WhiteElo "2316"]
[BlackElo "2462"]
[Annotator "TA"]
[PlyCount "40"]
[EventDate "2018.11.10"]
[EventType "team-tourn"]
[EventCountry "SVK"]
[SourceTitle "playchess.com"]
[Source "ChessBase"]
[SourceQuality "1"]
[WhiteTeam "Dubnica"]
[BlackTeam "Zilina"]

{[%evp 21,22,33,36]} 1. c4 Nf6 2. Nc3 c5 3. Nf3 g6 4. g3 Bg7 5. Bg2 O-O 6. O-O Nc6 7. d4 cxd4 8. Nxd4 Ng4 9. e3 d6 10. b3 Nxd4 11. exd4 Nh6 {LiveBook: 196 Games} {Predecessor:} 12. Bd2 $146 Nf5 13. d5 Bd7 14. Rc1 a6 15. Ne4 Rc8 16. Re1 Qb6 17. b4 Qd4 18. c5 Bb5 19. Bc3 Qd3 20. Qxd3 Bxd3 {1-0 (39) Banusz,T (2604)-Pechac,J (2495) Slovakia 2016} *

[Event "SVK ECo-C Extraliga 2018-19"]
[Site "Slovakia"]
[Date "2018.12.09"]
[Round "4"]
[White "Zvarik, Martin"]
[Black "Bombek, Peter"]
[Result "1-0"]
[WhiteElo "2310"]
[BlackElo "2217"]
[Annotator "NA"]
[PlyCount "55"]
[EventDate "2018.11.10"]
[EventType "team-tourn"]
[EventCountry "SVK"]
[SourceTitle "playchess.com"]
[Source "ChessBase"]
[SourceQuality "1"]
[WhiteTeam "Zilina"]
[BlackTeam "Dubnica"]
[TimeControl "40/5400+30:1800+30"]

1. d4 {[%emt 0:00:00]} d5 {[%emt 0:00:00]} 2. Nf3 {[%emt 0:00:24]} e6 {[%emt 0:02:16]} 3. g3 {[%emt 0:02:12]} Nf6 {[%emt 0:00:28]} 4. Bg2 {[%emt 0:00:45]} b5 {[%emt 0:02:43]} 5. a4 {[%emt 0:09:28]} b4 {[%emt 0:00:56]} 6. c4 {[%emt 0:00:49]} bxc3 {[%emt 0:02:10]} 7. bxc3 {[%emt 0:00:34]} Nbd7 {[%emt 0:02:18]} 8. O-O {[%emt 0:02:03]} Be7 {[%emt 0:06:28]} 9. c4 {[%emt 0:03:01]} O-O {[%emt 0:01:51]} 10. cxd5 {[%emt 0:15:45]} Nxd5 {[%emt 0:03:18]} 11. e4 {[%emt 0:06:35]} Nb4 {[%emt 0:01:27]} 12. Re1 {[%emt 0:03:59]} a5 {[%emt 0:05:54]} 13. Nc3 {[%emt 0:17:03]} Ba6 {[%emt 0:02:04]} 14. Be3 {[%emt 0:05:38]} Nb6 {[%emt 0:04:52]} 15. d5 {[%emt 0:10:08]} exd5 {[%emt 0:05:27]} 16. exd5 {[%emt 0:00:14]} Nd3 {[%emt 0:09:01]} 17. Re2 {[%emt 0:00:55]} Bf6 {[%emt 0:03:11]} 18. Bd4 {[%emt 0:02:47]} Nb4 {[%emt 0:03:14]} 19. Rd2 {[%emt 0:02:18]} Nc4 {[%emt 0:02:13]} 20. Bxf6 {[%emt 0:00:09]} Qxf6 {[%emt 0:00:33]} 21. Rd4 {[%emt 0:00:04]} Rad8 {[%emt 0:09:14]} 22. Ne4 {[%emt 0:04:04]} Qb6 {[%emt 0:05:26]} 23. Rc1 {[%emt 0:04:51]} Nb2 {[%emt 0:07:52]} 24. Qd2 {[%emt 0:00:11]} Nxa4 {[%emt 0:03:39]} 25. d6 {[%emt 0:03:50]} c5 {[%emt 0:01:04]} 26. Nf6+ {[%emt 0:00:21]} gxf6 {[%emt 0:02:06]} 27. Rg4+ {[%emt 0:00:05]} Kh8 {[%emt 0:03:23]} 28. Qh6 {[%emt 0:00:05]} 1-0

[Event "SVK ECo-C Extraliga 2018-19"]
[Site "Slovakia"]
[Date "2018.12.09"]
[Round "4"]
[White "Haring, Viktor"]
[Black "Tazbir, Marcin"]
[Result "0-1"]
[WhiteElo "2307"]
[BlackElo "2532"]
[Annotator "TA"]
[PlyCount "68"]
[EventDate "2018.11.10"]
[EventType "team-tourn"]
[EventCountry "SVK"]
[SourceTitle "playchess.com"]
[Source "ChessBase"]
[SourceQuality "1"]

{[%evp 24,68,29,19,38,32,34,43,55,44,67,61,65,41,45,19,44,34,30,0,0,0,0,0,10,-243,-209,-312,-314,-300,-283,-287,-318,-318,-289,-305,-272,-430,-438,-460,-456,-683,-628,-627,-616,-1039,-1032]} 1. e4 c5 2. Nf3 d6 3. d4 Nf6 4. Nc3 cxd4 5. Nxd4 a6 6. Be3 e5 7. Nb3 Be6 8. f3 h5 9. Nd5 {B90: Sicilian Najdorf: Unusual White 6th moves, 6 Be3 Ng4 and 6 Be3 e5} Bxd5 10. exd5 Nbd7 11. Qd2 Qc7 (11... g6 12. Be2 Bg7 13. O-O-O O-O 14. g4 a5 15. a4 Nb6 16. gxh5 Nxh5 17. Bb5 Nf6 {0-1 (71) Leko,P (2690)-Vachier Lagrave,M (2780) Batumi 2018}) 12. c4 a5 13. Rc1 {LiveBook: 11 Games} Be7 14. Be2 {[#]} Bd8 $146 ({Predecessor:} 14... h4 15. O-O a4 16. Na1 Nh5 17. Rfd1 Qd8 {½-½ (88) Talukdar,R (2279)-Kovalyov,A (2629) Montreal 2018}) 15. a4 b6 16. O-O Nc5 17. Nxc5 bxc5 18. f4 Nd7 19. Qd1 h4 20. Bg4 {Bxd7+ is the strong threat.} Bf6 {[%cal Bd8f6,Bf6e5,Be5d4][%mdl 32]} 21. Qe1 Kf8 22. Bxd7 Qxd7 23. fxe5 Bxe5 24. Bxc5 $2 {[%mdl 8192]} (24. h3 $11 {and White is okay.}) 24... Re8 $19 25. Be3 {[#]} (25. Qxa5 $142 dxc5 26. Qxc5+ Kg8 27. Qf2) 25... h3 $1 26. g3 {[#]} Bd4 $1 27. Rf3 Qg4 ({Worse is} 27... Bxb2 28. Rb1 $11) 28. Qf2 {[#]} Qxf3 $1 {[%mdl 512]} 29. Bxd4 (29. Qxf3 Bxe3+) 29... Qe4 30. Rf1 (30. Bc3 $142 Rh5 31. Re1 Qxc4 32. Bxg7+ Kxg7 33. Rxe8) 30... f6 {Black is clearly winning.} 31. Bc3 Rh5 {( -> ...Rf5!)} 32. Re1 (32. Qf3 $142 Rf5 33. Qxe4 Rxf1+ 34. Kxf1 Rxe4 35. Bxa5 Rxc4 36. Bc3) 32... Qxc4 {aiming for ...Rxe1+.} 33. Rxe8+ Kxe8 34. Qe1+ Kf8 {Accuracy: White = 27%, Black = 79%.} 0-1